000 00656nam a2200193 4500
001 140073
003 ES-MaACL
005 20230906200010.0
007 t|
008 070214s1912 sp r ||||1| spa d
100 1 _aSchrijvers, José.
_9104710
245 1 0 _aManual de Economía política /
_cJosé Schrijvers ; prefacio del R. P. Rutten ; traducción de Juan Mateos ; adaptado a España por D. José de Posse y Villelga.
260 _aBarcelona :
_bLuis Gili,
_c1912.
300 _aXX, 537 p. ;
_c20 cm.
700 1 _aRutten.
_9101073
700 1 _aMateos, Juan.
_978979
700 1 _aPosse y Villelga, José de.
_993345
852 _aES-MaACL
_jF-4121
999 _c140073
_d140073